Topografia / (Registro nro. 20927)

Detalles MARC
000 -LEADER
fixed length control field 01135nam a2200325 4500
001 - CONTROL NUMBER
control field 0000017205
003 - CONTROL NUMBER IDENTIFIER
control field CO-CtgCURN
005 - DATE AND TIME OF LATEST TRANSACTION
control field 20250331184734.0
007 - PHYSICAL DESCRIPTION FIXED FIELD--GENERAL INFORMATION
fixed length control field ta
008 - FIXED-LENGTH DATA ELEMENTS--GENERAL INFORMATION
fixed length control field 160627s2001 000 0 eng d
020 ## - INTERNATIONAL STANDARD BOOK NUMBER
International Standard Book Number 9586820890
040 ## - CATALOGING SOURCE
Original cataloging agency CO-CtgCURN
Language of cataloging spa
Transcribing agency coctgcurn
082 0# - DEWEY DECIMAL CLASSIFICATION NUMBER
Classification number 526
Item number W65t
100 1# - MAIN ENTRY--PERSONAL NAME
Personal name Wolf, Paul R.
245 10 - TITLE STATEMENT
Title Topografia /
Statement of responsibility, etc. Paul R. Wolf.
250 ## - EDITION STATEMENT
Edition statement 9a ed.
260 ## - PUBLICATION, DISTRIBUTION, ETC.
Place of publication, distribution, etc. Bogotá :
Name of publisher, distributor, etc. Alfaomega,
Date of publication, distribution, etc. 2001.
300 ## - PHYSICAL DESCRIPTION
Extent 834 p.
336 ## - CONTENT TYPE
Source rdacontent
337 ## - MEDIA TYPE
Source rdamedia
Media type term sin mediacion
Media type code n
338 ## - CARRIER TYPE
Source rdacarrier
Carrier type term volumen
Carrier type code nc
500 ## - GENERAL NOTE
General note Incluye indice.
505 8# - FORMATTED CONTENTS NOTE
Formatted contents note Teoria de la medicion.--Brujula.--Poligonales.--Estadia.--Cálculo de poligamales.--Cartografia.--Curvas verticales.--Fotogrametria.--Curvas horizontales.--Determinacion de areas.--Teodolito.--Medicion de distancia.--Mediciones con cinta
650 14 - SUBJECT ADDED ENTRY--TOPICAL TERM
Topical term or geographic name entry element Topografia
Form subdivision Aplicaciones.
700 1# - ADDED ENTRY--PERSONAL NAME
Personal name Brinker, Russell.
908 ## - PUT COMMAND PARAMETER (RLIN)
Put command parameter 160627
942 ## - ADDED ENTRY ELEMENTS (KOHA)
Koha item type Libros
Classification part 526
Item part W65t
Source of classification or shelving scheme Dewey Decimal Classification
Existencias
Withdrawn status Lost status Source of classification or shelving scheme Damaged status Not for loan Collection Home library Current library Shelving location Date acquired Inventory number Total checkouts Full call number Barcode Date last seen Copy number Price effective from Koha item type Public note
    Dewey Decimal Classification     General Miguel Henríquez Castañeda Miguel Henríquez Castañeda General 03/31/2025 007406   526 W65t 007406 03/31/2025 ej.1 03/31/2025 Libros 520-AS&CA
    Dewey Decimal Classification     General Miguel Henríquez Castañeda Miguel Henríquez Castañeda General 03/31/2025 007407   526 W65t 007407 03/31/2025 ej.2 03/31/2025 Libros 520-AS&CA